000 00335nam a2200145Ia 4500
008 230917s9999||||xx |||||||||||||| ||und||
040 _e142864
_aMAIN
041 _aEnglish
082 _a780.5 S58S
100 _aGarg, Prabhu Lal
245 0 _aSangeet: Purvi thad ank. V23 part
260 _c1957
300 _a176p p.
942 _cBK
999 _c52124
_d52124